000 00297nam a22001337a 4500
008 171019b xxu||||| |||| 00| 0 eng d
020 _a9780155068698
041 _aeng
080 _a338
100 _a54
101 _aMEN
245 _aCLASSICS ORGANIZATION THEORY
_cOTT.J.S
942 _2udc
_cBK
999 _c35015
_d35015